Compulsory purchase and compensation (Record no. 102058)

MARC details
000 -LEADER
fixed length control field 01184cam a2200229 4500
001 - CONTROL NUMBER
control field J117797
008 - FIXED-LENGTH DATA ELEMENTS--GENERAL INFORMATION
fixed length control field 020501n2001 000 0 eng u
035 ## - SYSTEM CONTROL NUMBER
System control number (Sirsi) u117797
041 ## - LANGUAGE CODE
Language code of text/sound track or separate title eng.
050 ## - LIBRARY OF CONGRESS CALL NUMBER
Classification number 711.14
110 ## - MAIN ENTRY--CORPORATE NAME
Corporate name or jurisdiction name as entry element Department for Transport, Local Government and the Regions
9 (RLIN) 4091
245 ## - TITLE STATEMENT
Title Compulsory purchase and compensation
260 ## - PUBLICATION, DISTRIBUTION, ETC.
Name of publisher, distributor, etc. Department for Transport, Local Government and the Regions
Date of publication, distribution, etc. 2001
300 ## - PHYSICAL DESCRIPTION
Extent 23p.
Dimensions 30cm.
520 ## - SUMMARY, ETC.
Summary, etc. First in a series of five booklets which explain, in simple terms, how the compulsory purchase system works. Provides an overview of the following issues: why there is a need to make compulsory purchase orders; who can use these powers; how the powers are implemented by the acquiring authority; individuals' rights and what opportunities exist to resist or influence the procedure. Booklets 1-4 held only. For booklets 2-4 see: J11481, J11482, J11483.
650 ## - SUBJECT ADDED ENTRY--TOPICAL TERM
Topical term or geographic name entry element COMPULSORY PURCHASE ORDERS
650 ## - SUBJECT ADDED ENTRY--TOPICAL TERM
Topical term or geographic name entry element PLANNING
650 ## - SUBJECT ADDED ENTRY--TOPICAL TERM
Topical term or geographic name entry element COMPENSATION
690 ## - LOCAL SUBJECT ADDED ENTRY--TOPICAL TERM (OCLC, RLIN)
Topical term or geographic name as entry element ENVIRONMENTAL AND LAND CONSULTANCY-PLANNING AND DEVELOPMENT-COMPULSORY PURCHASE AND COMPENSATION
710 ## - ADDED ENTRY--CORPORATE NAME
Corporate name or jurisdiction name as entry element Drivers Jonas
9 (RLIN) 1941
942 ## - ADDED ENTRY ELEMENTS (KOHA)
Suppress in OPAC 0
Holdings
Withdrawn status Lost status Source of classification or shelving scheme Damaged status Not for loan Home library Current library Shelving location Date acquired Total Checkouts Full call number Barcode Date last seen Date last checked out Copy number Price effective from Koha item type
    Dewey Decimal Classification     London London Folio 01/05/2002 7 F711.14 TRA 30065801 06/08/2019 03/01/2008 1 06/08/2019 Book